00394nam a2200145Ia 4500008004100000020001500041041001200056082001600068100001900084245007300103260002500176300000800201650002100209700001800230221030s9999 xx 000 0 und d a8120309863 aEnglish a105.23bPuc aD. A. Pucknell 0aBasic VLSI Design ( DEPARTMENTAL )cby D. A. Pucknell, K. Eshraghian bPHIaNew Delhic2000 a495 aCSE Departmental aK. Eshraghian